000 00255 a2200121 4500
001 155491
040 _cEscola São Tomás de Aquino
240 1 0 _aPortuguês
_lpor
245 1 0 _aPortuguês
362 0 _a2010
697 _aLíngua portuguesa
942 _cBK
999 _c155491
_d155491